000 00453nam a2200157 i 4500
001 92422
003 ES-MaACL
005 20230906180952.0
007 t|
008 050307s1917 sp ||||1| spa d
100 1 _aLinares Rivas, Manuel.
_972355
245 1 0 _aComo hormigas
_b: comedia en dos actos y en prosa /
_cManuel Linares Rivas.
260 _aMadrid :
_bBiblioteca Hispania,
_c[1917]
300 _a170 p. ;
_c19 cm.
852 _aES-MaACL
_jF-5589
999 _c92422
_d92422